000
00291 a2200133 4500
001
90462
082
_a
891.4393 NIM
090
_c
42795
_d
42795
100
_a
Nimra Ahmad
245
_a
Mus'haf
_h
Urdu
260
_a
Lahore
_b
Al Quresh
_c
2014
300
_a
360p.
500
_a
General Books
942
_a
CAE NUST
_k
891.4393 NIM
999
_c
325535
_d
325535